Finis les paroles - Tayc - Statistiques

Statistiques générales
  • Ce quiz a été pris 433 fois
  • Le résultat moyen est 6 sur 8
Statistiques - réponses
Hint Réponse % Correct
Le passé c'est eux, le futur c'est... Nous
98%
Elle est bien mais elle n'est pas comme.... Toi
95%
Refuser, oui je refuse d'être le centre de l'.... Attention
87%
Et si ils te parlent, et si ils me cherchent, dis leurs qu'on est... Mariés
87%
Ça fait des mois qu'on a refait nos lifes, toi tu voulais que je reste.... Tranquille
77%
Pour moi c’est trop compliqué, je suis fatigué, je ne vois pas mon avenir à.... Deux
59%
J’ai demandé à Dieu de nous séparer, mais il n’veut pas m’.... Exaucer
45%
Tu me connais, je te connais, on se connait Tes vre-lés j'veux.... Consommer
35%
Aucun quiz correspondant
Distribution des résultats
% des personnes avec chaque résultat
Percentile par nombre de réponses
Votre historique - résultats
Vous n’avez pas pris ce quiz